Supervising and leading teams in ILS / (Record no. 19064)

MARC details
000 -LEADER
fixed length control field 01191cam a2200301 a 4500
001 - CONTROL NUMBER
control field 14766155
005 - DATE AND TIME OF LATEST TRANSACTION
control field 20150318115707.0
008 - FIXED-LENGTH DATA ELEMENTS--GENERAL INFORMATION
fixed length control field 070216s2007 enka b 001 0 eng
020 ## - INTERNATIONAL STANDARD BOOK NUMBER
International Standard Book Number 9781856045872 (pbk.)
020 ## - INTERNATIONAL STANDARD BOOK NUMBER
International Standard Book Number 1856045870 (pbk.)
040 ## - CATALOGING SOURCE
Original cataloging agency UKM
Transcribing agency UKM
Modifying agency YDXCP
-- C#P
-- BAKER
-- BTCTA
-- DLC
082 00 - DEWEY DECIMAL CLASSIFICATION NUMBER
Classification number 023.9
Edition number 22
Item number ALL
100 1# - MAIN ENTRY--PERSONAL NAME
Personal name Allan, Barbara,
Dates associated with a name 1954-
245 10 - TITLE STATEMENT
Title Supervising and leading teams in ILS /
Statement of responsibility, etc Barbara Allan.
260 ## - PUBLICATION, DISTRIBUTION, ETC. (IMPRINT)
Place of publication, distribution, etc London :
Name of publisher, distributor, etc Facet Publishing,
Date of publication, distribution, etc c.2007.
300 ## - PHYSICAL DESCRIPTION
Extent xvii, 204 p. :
Other physical details ill. ;
Dimensions 25 cm.
504 ## - BIBLIOGRAPHY, ETC. NOTE
Bibliography, etc Includes bibliographical references (p. [197]-198) and index.
650 #0 - SUBJECT ADDED ENTRY--TOPICAL TERM
Topical term or geographic name as entry element Library personnel management.
9 (RLIN) 32783
650 #0 - SUBJECT ADDED ENTRY--TOPICAL TERM
Topical term or geographic name as entry element Library employees.
650 #0 - SUBJECT ADDED ENTRY--TOPICAL TERM
Topical term or geographic name as entry element Supervision of employees.
650 #0 - SUBJECT ADDED ENTRY--TOPICAL TERM
Topical term or geographic name as entry element Integrated library systems (Computer systems)
653 ## - INDEX TERM--UNCONTROLLED
Resource For college Generalities
Arrived date list March2015
655 ## - INDEX TERM--GENRE/FORM
Form subdivision
-- 34232
710 2# - ADDED ENTRY--CORPORATE NAME
Corporate name or jurisdiction name as entry element Chartered Institute of Library and Information Professionals (Great Britain)
906 ## - LOCAL DATA ELEMENT F, LDF (RLIN)
a 7
b cbc
c copycat
d 2
e ncip
f 20
g y-gencatlg
942 ## - ADDED ENTRY ELEMENTS (KOHA)
Source of classification or shelving scheme Dewey Decimal Classification
Holdings
Withdrawn status Item status Source of classification or shelving scheme Materials specified (bound volume or other part) Damaged status Not for loan Vendor Home library Current library Shelving location Date acquired Total Checkouts Total Renewals Full call number Barcode Date last seen Date last borrowed Koha item type
    Dewey Decimal Classification Lost_In_Inventory_11-6-2024     Baccah Central Library Central Library Lower Floor 18/03/2015 1 14 023.9 ALL 000037628 15/07/2025 29/01/2018 Book - Borrowing